| 000 | 01396nam a2200337Ia 4500 | ||
|---|---|---|---|
| 001 | ebr10078117 | ||
| 003 | CaPaEBR | ||
| 006 | m u | ||
| 007 | cr cn||||||||| | ||
| 008 | 050415s2005 dcuab sb 000 0 eng d | ||
| 020 | _z0821361716 | ||
| 020 | _z141758954X (electronic bk.) | ||
| 040 |
_aCaPaEBR _cCaPaEBR |
||
| 035 | _a(OCoLC)70724150 | ||
| 050 | 1 | 4 |
_aDX210 _bS68 2005eb |
| 100 | 1 | _aDe Soto, Hermine G. | |
| 245 | 1 | 0 |
_aRoma and Egyptians in Albania _h[electronic resource] : _bfrom social exclusion to social inclusion / _cHermine G. De Soto, Sabine Beddies, Ilir Gedeshi. |
| 260 |
_aWashington, D.C. : _bWorld Bank, _cc2005. |
||
| 300 |
_axlii, 267 p. : _bill., maps. |
||
| 490 | 1 |
_aWorld Bank working paper, _x1726-5878 ; _vno. 53 |
|
| 504 | _aIncludes bibliographical references. | ||
| 533 |
_aElectronic reproduction. _bPalo Alto, Calif. : _cebrary, _d2011. _nAvailable via World Wide Web. _nAccess may be limited to ebrary affiliated libraries. |
||
| 650 | 0 |
_aRomanies _zAlbania _xSocial conditions. |
|
| 650 | 0 |
_aEgyptians _zAlbania _xSocial conditions. |
|
| 655 | 7 |
_aElectronic books. _2local |
|
| 700 | 1 | _aBeddies, Sabine. | |
| 700 | 1 | _aGedeshi, Ilir. | |
| 710 | 2 | _aebrary, Inc. | |
| 830 | 0 |
_aWorld Bank working paper ; _vno. 53. |
|
| 856 | 4 | 0 |
_uhttp://site.ebrary.com/lib/rucke/Doc?id=10078117 _zAn electronic book accessible through the World Wide Web; click to view |
| 999 |
_c53762 _d53762 |
||